skbl

Dr Suryya Kumar Bhuyan Library Web-OPAC
ডঃ সূৰ্য্য
কুমাৰ ভূঞা পুথিভঁৰাল ৱেব-অ'পেক

All Research Scholars are advised to clear the annual library fees to continue using Library Resources, Remote Access, Plagiarism Test and Library Clearance.

Cotton University Book Fair 2026

Nirupama Borgahain Upanyas Sambhar: Vol. 1 / (Record no. 1020)

MARC details
000 -LEADER
fixed length control field 00889nam a2200337Ia 4500
001 - CONTROL NUMBER
control field 1022
005 - DATE AND TIME OF LATEST TRANSACTION
control field 20240113233441.0
007 - PHYSICAL DESCRIPTION FIXED FIELD--GENERAL INFORMATION
fixed length control field ta
008 - FIXED-LENGTH DATA ELEMENTS--GENERAL INFORMATION
fixed length control field 050129s1999 g b000 u asm u
020 ## - INTERNATIONAL STANDARD BOOK NUMBER
Terms of availability HB
040 ## - CATALOGING SOURCE
Original cataloging agency Cotton College,Assam
041 ## - LANGUAGE CODE
Language code of text/sound track or separate title asm
082 ## - DEWEY DECIMAL CLASSIFICATION NUMBER
Classification number 891.41308
Item number Bo 644 Up
100 ## - MAIN ENTRY--PERSONAL NAME
Personal name Borgohain, Nirupama .
245 #0 - TITLE STATEMENT
Title Nirupama Borgahain Upanyas Sambhar: Vol. 1 /
Statement of responsibility, etc. Nirupama Borgahain.
Medium Textual Documents
250 ## - EDITION STATEMENT
Edition statement 1st ed. /
260 ## - PUBLICATION, DISTRIBUTION, ETC.
Place of publication, distribution, etc. Assam :
Name of publisher, distributor, etc. Jyoti prakashan ,
Date of publication, distribution, etc. 1999.
300 ## - PHYSICAL DESCRIPTION
Extent 880p. ;
Dimensions 24cm.
500 ## - GENERAL NOTE
General note 18/Ref/Ass
653 ## - INDEX TERM--UNCONTROLLED
Uncontrolled term Assamese Fiction-Collections
653 ## - INDEX TERM--UNCONTROLLED
Uncontrolled term Assamese Novel-Collections
653 ## - INDEX TERM--UNCONTROLLED
Uncontrolled term Reference-Assamese
653 ## - INDEX TERM--UNCONTROLLED
Uncontrolled term G-Assamese
942 ## - ADDED ENTRY ELEMENTS (KOHA)
Source of classification or shelving scheme Dewey Decimal Classification
Koha item type Books
Holdings
Withdrawn status Lost status Damaged status Not for loan Collection Home library Current library Date acquired Coded location qualifier Total checkouts Full call number Barcode Date due Date last seen Date last checked out Copy number Price effective from Koha item type
          Dr. Suryya Kumar Bhuyan Library Dr. Suryya Kumar Bhuyan Library 01/02/2012 00000 1 891.41308 Bo 644 Up 5508/As 23/04/2026 27/03/2026 27/03/2026 5 01/02/2012 Books
      Not for loan   Dr. Suryya Kumar Bhuyan Library Dr. Suryya Kumar Bhuyan Library 01/02/2012 00000   891.41308 Bo 644 Up 4413/As18   13/01/2024   1 01/02/2012 Books
      Not for loan   Dr. Suryya Kumar Bhuyan Library Dr. Suryya Kumar Bhuyan Library 01/02/2012 00000   891.41308 Bo 644 Up 4859/As18   13/01/2024   2 01/02/2012 Books
          Dr. Suryya Kumar Bhuyan Library Dr. Suryya Kumar Bhuyan Library 01/02/2012 00000   891.41308 Bo 644 Up 4860//As   13/01/2024   4 01/02/2012 Books
      Not for loan   Dr. Suryya Kumar Bhuyan Library Dr. Suryya Kumar Bhuyan Library 01/02/2012 00000   891.41308 Bo 644 Up 4860/As   13/01/2024   3 01/02/2012 Books

Designed and Maintained by Team SKBL
©1901-2026

Powered by Koha